000 00618cab a2200217 4500
001 ABS45664
008 090401t1991 xxu||||| |||| 00| 0 eng d
035 _a(Sirsi) u54340
041 _aeng
100 _aBaird, A.
245 _aShare farming
260 _c1991
350 _a0
490 _aField
_v273(7050) December 1991, 33(1)
520 _aDiscusses share farming schemes explaining the differences between this and contract farming. Explains existing taxation regulations.
650 _aCONTRACT FARMING
650 _aSHARE FARMING
690 _aRURAL PRACTICE
942 _n0
948 _c04/03/1997
999 _c33309
_d33309